Художники Большого театра (Запис номер 210394)
[ съкратено ]
| 000 -Лидер | |
|---|---|
| Контролно поле с фиксирана дължина | 01185nkm a2200325 c 4500 |
| 003 - Код на организацията, давaща контролен номер | |
| Контролно поле | BLK |
| 005 - Дата и час на последна редакция | |
| Контролно поле | 20180421002032.0 |
| 008 - Елементи от данни с фиксирана дължина | |
| fixed length control field | 180412b bul rap|r|||| r0| ||bulo| |
| 010 ## - Наследен системен номер | |
| LC control number | KNG00165083000 |
| 040 ## - Източник на каталожния запис | |
| Идентификатор на билиотеката - собственик на записа | BLK |
| 041 ## - Код за език | |
| Код за езика на текст/звукозапис или на отделно заглавие | Руски |
| Код за езика КДБФ | Руски |
| Други езици | Английски |
| 080 ## - УДК | |
| Текстов определител УДК | Театрална живопис. Сценография |
| УДК код - определител по УДК | 75.054 |
| УДК определител | (470) |
| УДК - код + определител | 75.054(470) |
| 139 ## - Редно поле | |
| Редна дума | Художники Большого театра |
| Авторски знак | Ху - Х 93 |
| 245 10 - Сведения за заглавието | |
| Заглавие | Художники Большого театра |
| 257 ## - Страна на издаване | |
| Страна на създаване/издаване | СССР |
| 260 ## - Област на издателските данни | |
| -- | Москва |
| Име на издателя, разпространителя и проч. | Сов. художник |
| Година на издаване | 1976 |
| 300 ## - Физическа характеристика | |
| Страници | 176 с. |
| Илюстрации и др. | с ил. |
| Размери/Мащаб | 30 см |
| 380 ## - Жанр | |
| Жанр | Изкуство |
| 500 ## - Общи забележки | |
| Забележка | Библиогр. с. 168-171. - Списък на ил. - Рез. на англ. - 10 000 тир. |
| 650 #4 - Допълнително описание по предмет – тема | |
| Основно описание – тема или топоним | Сценография |
| 9 (RLIN) | 172763 |
| 651 #4 - Допълнително описание по предмет - топоним | |
| Географско понятие | Русия |
| 9 (RLIN) | 179465 |
| 653 ## - Ключова дума – ненормативна | |
| Ключова дума | сценография |
| 653 ## - Ключова дума – ненормативна | |
| Ключова дума | Болшой театър |
| 653 ## - Ключова дума – ненормативна | |
| Ключова дума | театрална живопис |
| 852 ## - Местоположение | |
| Форматна сигнатура | Цб Гр А ІІ 2534 |
| 856 4# - Електронен адрес и достъп | |
| Електронен формат | pdf - файл |
| Път до файла /url/ | |
| 856 4# - Електронен адрес и достъп | |
| Електронен формат | pdf - файл |
| Път до файла /url/ | |
| 942 ## - АРТИКУЛИ | |
| Вид на библиотечния материал | Графични издания |
| Скрит в OPAC | Не |
| 944 ## - СЪЗДАВАНЕ И РЕДАКЦИЯ на ЗАПИСА | |
| Създаване/Редакция | Създаване |
| Дата на регистрацията/редакция | 19.09.2014 |
| Статус, дата на статуса | 19.09.2014 - от С1,Р / 19.09.2014 |
| Служител, извършил регистрацията/редакцията | Камелия_Данева |
| 944 ## - СЪЗДАВАНЕ И РЕДАКЦИЯ на ЗАПИСА | |
| Създаване/Редакция | Редакция |
| Дата на регистрацията/редакция | 19.09.2014 |
| Статус, дата на статуса | 19.09.2014 - от С1,Р / 19.09.2014 |
| Служител, извършил регистрацията/редакцията | |
| 999 ## - СИСТЕМНИ КОНТРОЛНИ НОМЕРА | |
| Koha biblionumber | 210394 |
| Koha biblioitemnumber | 210394 |
| Код за отписване | Код за изгубен артикул | Източник на класификационната схема | Код за повреда | Коз за рестрикции | Код за отдаване | Артикулен № | Име на библиотеката - собственик | Име на библиотеката, в която се намира в момента | Статус (Текущо местоположение) | Дата на вписване в системата | Местоположение - отдел | Цена в лева | Инвентарен номер | Систематично азбучна сигнатура | Баркод | Номер на екземпляра | Цена в евро | Служебна бележка | Служебен тип на артикула |
|---|---|---|---|---|---|---|---|---|---|---|---|---|---|---|---|---|---|---|---|
| Не е изгубен | Universal Decimal Classification | Не е повреден | без рестрикции | заемане за дома | 361962 | Регионална библиотека "Любен Каравелов" Русе | Регионална библиотека "Любен Каравелов" Русе | Отдел Изкуство - подръчен фонд | 1976-01-01 | Отдел Изкуство - подръчен фонд | 4.58 | 270137 | 75.05/Х 93 | 120000270137 | 1 | 2.34 | Дост: Pk Вид: Ф N: стар фонд Дата: 01.01.1976 Дата инв: 04.06.2015 Бележки инв: ГрИ2015 | Графични издания |